[Event "Tournoi Ouvert de Gatineau (B)"]
[Site "Gatineau"]
[Date "2015.03.??"]
[Round "5"]
[White "Bergeron, Jean-guy "]
[Black "Arsenault, Yves "]
[Result "0-1"]
[BlackElo "1603"]
[WhiteElo "1452"]

1.c4 e5 2.g3 Nf6 3.Bg2 Bc5 4.Nf3 Nc6 5.Nc3 O-O 6.Nxe5 Bxf2+ 7.Kxf2 Nxe5 8.b3
Nfg4+ 9.Kg1 Qf6 10.Qf1 Qb6+ 11.e3 f5 12.Nd5 Qd6 13.d4 Nf7 14.c5 Qa6 15.Nxc7
Qxf1+ 16.Bxf1 Rb8 17.h3 Nf6 18.Bg2 Ne4 19.Kh2 d6 20.b4 Rd8 21.Nd5 Be6 22.Nf4
Bd7 23.Bb2 b6 24.Bxe4 fxe4 25.cxd6 Nxd6 26.d5 Nc4 27.Bd4 Nd2 28.Kg2 Bb5
29.Be5 Rbc8 30.Rac1 Nc4 31.Bxg7 Nxe3+ 32.Kf2 Rxc1 33.Rxc1 Nxd5 34.Bh6 e3+
35.Ke1 Nxb4 36.a3 Nc6 37.Ne6 Rd6 38.Nc7 Rxh6 39.Nxb5 a6 40.Nc7 Ne5 41.Rc3
Nf3+ 42.Ke2 Ng1+ 43.Kxe3 Nxh3 44.Nxa6 Rd6 45.Nb4 Ng5 46.Nd3 Ne6 47.Rb3 Nd4
48.Rc3 Nf5+ 49.Kf3 Nd4+ 50.Ke3 Nc6 51.Nb4 Ne7 52.Kf3 Rg6 53.Kg2 h5 54.Nc2 Nf5
55.Ne1 h4 56.Kg1 Nxg3 57.Rc8+ Kh7 58.Kh2 Re6 59.Kh3 Rxe1 60.Kxh4 Nf5+ 61.Kg4
Ng7 62.Rb8 Re6 63.Kf4 Kg6 64.Kf3 Nf5 65.Rg8+ Kf7 66.Rg5 Kf6 67.Rg8 Nd4+
68.Kf4 Kf7 69.Rg5 Rd6 70.Ke4 Kf6 71.Rh5 Ne6 72.Ke3 Kg6 73.Rb5 Nc5 74.Ke2 Ne4
75.Ke3 Nc3 76.Rb3 Nd5+ 77.Ke4 Kf6 78.Rf3+ Ke7 79.Rb3 Nf6+ 80.Kf4 Kd7 81.Ke5
Re6+ 82.Kf5 Ne4 83.Rd3+ Ke7 84.Rb3 Nc5 85.Rb5 Kd7 86.Rb4 Kc6 87.Rc4 Rd6
88.Ke5 Rd5+ 89.Kf6 b5 90.Rc3 Kb6 91.Re3 Ka5 92.Rh3 Ka4 93.Rc3 Nb3 94.Ke6 Rd1
95.Rh3 Kxa3 0-1

[Event "Tournoi Ouvert de Gatineau (B)"]
[Site "Gatineau"]
[Date "2015.03.??"]
[Round "3"]
[White "Langer, Herb "]
[Black "Legault, Stephane "]
[Result "1-0"]
[BlackElo "1686"]
[WhiteElo "1730"]

1.d4 Nf6 2.c4 d5 3.cxd5 Nxd5 4.e4 Nb6 5.Nc3 g6 6.Be3 Bg7 7.Nf3 O-O 8.Be2 c6
9.O-O N8d7 10.e5 Nd5 11.Nxd5 cxd5 12.Qd2 Nb6 13.Rac1 Bf5 14.b3 f6 15.Bh6 Be4
16.Rc3 Qd7 17.Rfc1 Rac8 18.Bxg7 Kxg7 19.exf6+ exf6 20.Qf4 Rxc3 21.Rxc3 Rf7
22.a4 Qf5 23.Qd6 Qd7 24.Qxd7 Rxd7 25.a5 Na8 26.Bb5 Re7 27.Nd2 Bf5 28.h3 Nc7
29.Bd3 Bxd3 30.Rxd3 Nb5 31.Nf3 Nd6 32.Re3 Rc7 33.Kh2 Ne4 34.Kg1 Rc2 35.Ne1
Rc7 36.f3 Ng3 37.Kf2 Nf5 38.Rd3 h5 39.g4 hxg4 40.hxg4 Nh4 41.Kg3 g5 42.Re3
Ng6 43.Ng2 Rc1 44.f4 Rf1 45.f5 Nf4 46.Nxf4 gxf4+ 47.Kg2 Rd1 48.Re7+ Kf8
49.Rxb7 Rxd4 50.Rxa7 Rb4 51.Kf3 Rxb3+ 52.Kxf4 Ra3 53.a6 Ra4+ 54.Kf3 d4
55.Ra8+ Ke7 56.a7 Ra3+ 57.Ke4 d3 58.Ke3 Kf7 59.Rh8 1-0